Statistiques concernant Les sorts dans Harry Potter #1

Cliquez ici pour prendre le quiz!

Statistiques générales

  • Ce quiz a été pris 75 fois
  • Le résultat moyen est 10 sur 15

Statistiques - réponses

Effet du sortSort% Correct
Tue la cibleAvada Kedavra
97%
Permet de créer une lumièreLumos
97%
Attirer quelque chose vers soiAccio
89%
Permet de désarmer son opposantExpelliarmus
86%
Pétrifie sa ciblePetrificus totalus
86%
Ouvre les portesAlohomora
83%
Permet de créer une lumière encore plus forteLumos Maxima
83%
Créer un protecteur fait des meilleurs souvenirsExpecto Patronum
80%
Permet d'éteindre les lumières précédentesNox
66%
Assome la cibleStupefix
63%
Permet de contrôler la cibleImpero
61%
Créer des flammesIncendio
55%
Permet de couper ce que l'on veutDiffindo
27%
Permet de créer des formes démoniaques en feuFeudeymon
23%
Lance des "missiles" explosifs depuis sa baguetteBombarda Maxima
9%

Distribution des résultats

Percentile par nombre de réponses

% des personnes avec chaque résultat

Votre développement - résultats

Vous n’avez pas pris ce quiz